000 00462nam a2200157Ia 4500
003 IN-BaIIA
008 211028s9999 xx 000 0 eng d
040 _cIIA Library
080 _aGEN
_bGUP
100 _aDas Gupta, Chidananda
_913485
245 0 _aTalking about films
_cChidananda Das Gupta
260 _aBombay
_bOrient Longman
_c1981
300 _a205p.
650 _aAstronomy and Astrophysics Thesaurus
942 _cBK
999 _c7993
_d7993